00703cam a22002417a 4500003000500000005001700005008004100022010001000063011001000073035001000083040000900093082001900102100002000121245007600141260003300217300001100250490002800261650004200289650004600331650003500377700002100412830002800433CHAP20220817043053.0971010s1983 r 00010 d a64607 a65579 a72597 cCHAP a338.76308bB8Y00aBurbach, Roger.14aLas agroindustrias transnacionalesb: Estados Unidos y América Latina aMéxico, D.F. :bEra,c1983 a337 p. 0aSerie popular Erav; 8214aEmpresas comerciales internacionales.14aIndustrias agrícolasxAmérica Latina.14aIndustrias agrícolasxE.U.A.0 aFlynn, Patricia.00aSerie popular Erav; 82